Ilmu pengetahuan sekadar alat mentjapai sesuatu. (Record no. 60295)

MARC details
000 -LEADER
fixed length control field 00782cam a22002171 4500
001 - CONTROL NUMBER
control field sa 64007498
003 - CONTROL NUMBER IDENTIFIER
control field DLC
005 - DATE AND TIME OF LATEST TRANSACTION
control field 20260227112047.0
008 - FIXED-LENGTH DATA ELEMENTS--GENERAL INFORMATION
fixed length control field 860207s1963 io ac 000 0 ind
010 ## - LIBRARY OF CONGRESS CONTROL NUMBER
LC control number sa 64007498
025 ## - OVERSEAS ACQUISITION NUMBER
Overseas acquisition number PL480:Indo-887
035 ## - SYSTEM CONTROL NUMBER
System control number (OCoLC)13118244
040 ## - CATALOGING SOURCE
Original cataloging agency DLC
Transcribing agency KyU
Modifying agency KyU
-- DLC
042 ## - AUTHENTICATION CODE
Authentication code premarc
050 00 - LIBRARY OF CONGRESS CALL NUMBER
Classification number DS644
Item number .2 1963.S94
100 0# - MAIN ENTRY--PERSONAL NAME
Personal name Soekarno,
Dates associated with a name 1901-1970.
245 10 - TITLE STATEMENT
Title Ilmu pengetahuan sekadar alat mentjapai sesuatu.
Statement of responsibility, etc. Amanat pada upatjara pemberian gelar doctor kehormatan dalam ilmu pengetahuan kemasjarakatan oleh Universitas Indonesia pada tanggal 2 Pebruari 1963 di Djakarta.
260 ## - PUBLICATION, DISTRIBUTION, ETC.
Place of publication, distribution, etc. [Djakarta]
Name of publisher, distributor, etc. Departemen Penerangan
Date of publication, distribution, etc. [cover 1963]
300 ## - PHYSICAL DESCRIPTION
Extent 40 p.
Other physical details illus., ports.
Dimensions 24 cm.
500 ## - GENERAL NOTE
General note "Penerbitan chusus, 253."

No items available.

Powered by Koha